00412nam a2200145Ia 450000100060000000800410000604000130004708200200006010000260008024500920010625000080019826000420020630000110024854600070025923984140410s9999 xx 000 0 und d cPK-LaUMT a 004.678bBOL-J aRichard Nelson Bolles aJob-hunting on the internet:ba desktop companion to the websitecRichard Nelson Bolles a2nd aBerkeley,USA:bThe Speed Press,c1999 a209 p. aEN